Rulers of Westeros (The Vale) - Statistics

General Stats
  • This quiz has been taken 27 times
  • The average score is 8 of 13
Answer Stats
Ruler % Correct
{Artys} I Arryn (Falcon Knight)
75%
{Ronnel} Arryn (The King Who Flew)
75%
{Hugo} Arryn (the Hopeful)
65%
{Osgood} Arryn (the Old Falcon)
65%
{Oswin} Arryn (the Talon)
65%
{Hugh} Arryn (the Fat)
60%
{Robin} Arryn
60%
{Roland} I Arryn
60%
{Roland} II Arryn
60%
{Oswell} I Arryn
55%
{Alester} II Arryn
50%
{Mathos} II Arryn
50%
{Osric} I Arryn
30%
No matching quizzes found
Score Distribution
Percent of People with Each Score
Percentile by Number Answered
Your Score History
You have not taken this quiz